| Tag |
First Indicator |
Second Indicator |
Subfields |
| LEADER |
00000cam a2200000 i 4500 |
| 001 |
in00000378021 |
| 005 |
20151011084600.0 |
| 008 |
780120s1941 nyua 00110 eng d |
| 035 |
|
|
|a (OCoLC)03573220
|
| 035 |
|
|
|9 ABQ3843AM
|
| 040 |
|
|
|a COF
|c COF
|d TXA
|d UtOrBLW
|
| 049 |
|
|
|a TXAM
|c [374942]
|
| 090 |
|
|
|a TJ785
|b .R52 1941a
|
| 100 |
1 |
|
|a Ricardo, Harry R.
|q (Harry Ralph),
|c Sir,
|d 1885-
|
| 245 |
1 |
4 |
|a The high-speed internal-combustion engine /
|c by Harry R. Ricardo.
|
| 250 |
|
|
|a 3d ed./
|b rev. by H. S. Glyde.
|
| 264 |
|
1 |
|a New York :
|b Interscience Publishers,
|c 1941.
|
| 300 |
|
|
|a 434 pages :
|b illustrations ;
|c 26 cm.
|
| 336 |
|
|
|a text
|b txt
|2 rdacontent
|
| 337 |
|
|
|a unmediated
|b n
|2 rdamedia
|
| 338 |
|
|
|a volume
|b nc
|2 rdacarrier
|
| 500 |
|
|
|a Includes index.
|
| 500 |
|
|
|a "The present volume is the third edition of volume II of The internal-combustion engine, first published in 1923."--Pref.
|
| 650 |
|
0 |
|a Internal combustion engines.
|
| 700 |
1 |
|
|a Glyde, Harold Stanley.
|
| 999 |
|
|
|a MARS
|
| 999 |
f |
f |
|s 977a3e60-0656-3995-b87d-c3a4882dcb57
|i 9fb4c1cf-f010-30ba-b645-0a3e9a56a798
|t 0
|
| 952 |
f |
f |
|p ric
|a Texas A&M University
|b Rellis Campus
|c Joint Library Facility
|d Remote Storage
|t 0
|e TJ785 .R52 1941a
|h Library of Congress classification
|i unmediated -- volume
|m A14805441868
|
| 998 |
f |
f |
|a TJ785 .R52 1941a
|t 0
|l Remote Storage
|